Statistics for States With the First Letter Missing - Map Quiz

Click here to take the quiz!

General Stats

  • This quiz has been taken 19 times
  • The average score is 38 of 50

Answers on the Map

Answers color-coded by a green-red scale on the quiz's map according to % correct below.
 

Answer Stats

Answer% Correct
Alifornia
92%
Aryland
92%
Ashington
92%
Evada
92%
Aine
85%
Assachusetts
85%
Awaii
85%
Daho
85%
Ennessee
85%
Ennsylvania
85%
Est Irginia
85%
Exas
85%
Kalahoma
85%
Outh Akota
85%
Ansas
77%
Ebraska
77%
Elaware
77%
Entucky
77%
Eorgia
77%
Ermont
77%
Ew Ampshire
77%
Ew Ersey
77%
Ew Exico
77%
Ew Ork
77%
Hio
77%
Hode Sland
77%
Ichigan
77%
Lorida
77%
Ndiana
77%
Ontana
77%
Orth Akota
77%
Regon
77%
Rizona
77%
Yoming
77%
Innesota
69%
Irginia
69%
Laska
69%
Llinois
69%
Olorado
69%
Onnecticut
69%
Outh Arolina
69%
Ississippi
62%
Issouri
62%
Labama
62%
Orth Arolina
62%
Ouisiana
62%
Owa
62%
Rkansas
62%
Isconsin
54%
Tah
54%

Score Distribution

Percentile by Number Answered

Percent of People with Each Score

Your Score History

You have not taken this quiz